FIFA World Cup Winners - Statistics

General Stats
  • This quiz has been taken 49 times
  • The average score is 8 of 8
Answer Stats
Winner % Correct
Argentina
100%
Brazil
100%
France
100%
Germany
(incl. West Germany)
100%
Spain
98%
England
96%
Italy
93%
Uruguay
91%
No matching quizzes found
Score Distribution
Percent of People with Each Score
Percentile by Number Answered
Your Score History
You have not taken this quiz